| 000 | 00828nas a2200265Ia 4500 | ||
|---|---|---|---|
| 001 | A05/R043-14933 [r000013222] | ||
| 003 | IT-MiCISF | ||
| 008 | 161014c99999999xx |||||||||||| ||und|| | ||
| 040 |
_aIT-MiCISF _cIT-MiCISF |
||
| 041 | _aITALIANO | ||
| 100 | _aLandi F. | ||
| 210 | _aAnziani oggi | ||
| 222 | _aAnziani oggi | ||
| 245 | 0 | _aIl problema dell'alcolismo nell'anziano | |
| 250 | _a1a ed. | ||
| 260 | _c1994 | ||
| 501 |
_bCISF - Centro Internazionale Studi Famiglia - Via Giotto, 36 20145 MILANO (non commercial uses only) _cCopyright 2016 |
||
| 300 | _app. 57-75 | ||
| 362 | _aanno VI, n. 2, giugno [1994] | ||
| 500 | _aLattanzio F., Patussi V., Fontanari D., Bernabei R. Tema: anziani, alcolismo | ||
| 650 |
_aterza età _varticolo |
||
| 700 | _aAA.VV. | ||
| 942 | _cCR | ||
| 957 | _71 | ||
| 999 |
_a14933 _bSi _g1 _c223549 _d223549 |
||